Ho Elaiōn : the basilica of Eleon in Constantine's time at the Mount of Olives, 326-330 A. D. /
المؤلف الرئيسي:
التنسيق: كتاب
اللغة: English
منشور في:
Le Caire :
Imprimerie de l'Institut français d'archéologie orientale,
1939.
سلاسل:
Memoires de l'Institut d'Egypte ;
42.
MIE ;
42.
الموضوعات:
الوسوم: إضافة وسم
رقم الطلب: DT43 .I625 v.42
| LEADER | 01155namaa2200313 4500 | ||
|---|---|---|---|
| 001 | 18876 | ||
| 003 | OSt | ||
| 005 | 20260317094200.0 | ||
| 008 | 130303s1939 ua acef b 000 0 eng d | ||
| 010 | |a 41008247 | ||
| 040 | |c ARCE Library | ||
| 043 | |a awba--- |a awgz--- |a a-is--- | ||
| 050 | 4 | |a DT43 .I625 v.42 | |
| 100 | 1 | |a Loukianoff, Elizabeth, |e author | |
| 245 | 1 | 3 | |a Ho Elaiōn : |b the basilica of Eleon in Constantine's time at the Mount of Olives, 326-330 A. D. / |c Elizabeth Loukianoff. |
| 264 | 1 | |a Le Caire : |b Imprimerie de l'Institut français d'archéologie orientale, |c 1939. | |
| 300 | |a 44 pages, 20 unnumbered leaves of plates : |b illustrations, portraits, plans ; |c 29 cm. | ||
| 490 | 1 | |a Memoires de l'Institut d'Egypte ; |v 42. | |
| 490 | 1 | |a MIE ; |v 42. | |
| 504 | |a Includes bibliographical references. | ||
| 650 | 0 | |a Basilicas |x History |z Israel |z Jerusalem. | |
| 650 | 0 | |a Architecture, Byzantine |z Jerusalem. | |
| 650 | 0 | |a Church architecture |z Jerusalem. | |
| 651 | 0 | |a Jerusalem |x Antiquities. | |
| 830 | 0 | |a Memoires de l'Institut d'Egypte ; |v 42. | |
| 830 | 0 | |a MIE ; |v 42. | |
| 901 | |a reviewed | ||
| 942 | |c BK |2 lcc | ||
| 999 | |c 15942 |d 15942 | ||
